000
00274nam a2200121Ia 4500
008
241002s9999 xx 000 0 und d
082
_a
956.94 JAM
100
_a
James, Parker
245
2
_a
A History of The Jewish
260
_a
N/A
_c
1964
600
_a
History
942
_c
UC
999
_c
18436
_d
18436